|
|
|
|
| LEADER |
00000cam a2200000 7i4500 |
| 001 |
0000093255 |
| 005 |
20231205150604.0 |
| 008 |
|
| 020 |
|
|
|a 9781588396884 (
|q (hardback))
|
| 040 |
|
|
|e rda
|
| 041 |
|
|
|a English
|
| 090 |
0 |
0 |
|a 391.472
|b BOL
|
| 100 |
0 |
|
|a Bolton,Andrew ,
|e (author)
|
| 245 |
1 |
0 |
|a About time :
|b fashion and duration
|c Andrew Bolton
|
| 264 |
|
1 |
|a New York :
|b Metropolitan Museum of Art
|c 2020
|
| 300 |
|
|
|a xxxi, 358, xxxiv-lxxxiii pages :
|b illustrations ;
|c 33 cm.
|
| 336 |
|
|
|a text
|2 rdacontent
|
| 337 |
|
|
|a unmediated
|2 rdamedia
|
| 338 |
|
|
|a volume
|2 rdacarrier
|
| 541 |
|
|
|c Purchased on 2023
|f F230775 FGS
|h RM146.50
|
| 650 |
|
0 |
|a Fashion design
|
| 650 |
|
0 |
|a Women's clothing
|
| 700 |
1 |
|
|a Cope,Nicholas Alan ,
|e (photographer)
|
| 700 |
1 |
|
|a Reeder,Jan Glier ,
|e (author)
|
| 700 |
1 |
|
|a Regan,Jessica ,
|e (author)
|
| 730 |
0 |
|
|a Title
|
| 999 |
|
|
|a 0001745212
|b Book
|c Adult Collection
|e Perbadanan Perpustakaan Awam Johor
|
| 999 |
|
|
|a 0001745213
|b Book
|c Adult Collection
|e Perbadanan Perpustakaan Awam Johor
|
| 999 |
|
|
|a 0001745214
|b Book
|c Adult Collection
|e Cawangan Urban Transformation Centre
|
| 999 |
|
|
|a 0001745215
|b Book
|c Adult Collection
|e Cawangan Tangkak
|
| 999 |
|
|
|a 0001745216
|b Book
|c Adult Collection
|e Cawangan AEON Kulaijaya
|
| 999 |
|
|
|a 0001745217
|b Book
|c Adult Collection
|e Cawangan Muar
|
| 999 |
|
|
|a 0001745218
|b Book
|c Adult Collection
|e Perbadanan Perpustakaan Awam Johor
|
| 999 |
|
|
|a 0001745219
|b Book
|c Adult Collection
|e Cawangan Kota Tinggi
|
| 999 |
|
|
|a 0001745220
|b Book
|c Adult Collection
|e Cawangan Taman Sri Lambak
|
| 999 |
|
|
|a 0001745221
|b Book
|c Adult Collection
|e Cawangan Mersing
|
| 999 |
|
|
|a 0001745222
|b Book
|c Adult Collection
|e Cawangan Tmn. Ungku Tun Aminah
|
| 999 |
|
|
|a 0001745223
|b Book
|c Adult Collection
|e Cawangan Pontian
|
| 999 |
|
|
|a 0001745224
|b Book
|c Adult Collection
|e Cawangan Segamat
|
| 999 |
|
|
|a 0001745225
|b Book
|c Adult Collection
|e Cawangan Bandar Penawar
|
| 999 |
|
|
|a 0001745226
|b Book
|c Adult Collection
|e Cawangan Bandar Tenggara
|
| 999 |
|
|
|a 0001745227
|b Book
|c Adult Collection
|e Cawangan Batu Pahat
|